Introduction to Probability

Na minha lista:
Detalhes bibliográficos
Autor principal: Snell, Laurie J.
Formato: Livro
Idioma:inglês
Publicado em: New York Random House 1988
Edição:1. ed.
Assuntos:
Tags: Adicionar Tag
Sem tags, seja o primeiro a adicionar uma tag!

MARC

LEADER 00000nam a2200000 4500
001 c002152
005 20221219121111.3
020 |a 0-394-34485-5 
041 0 |a eng 
044 |a US 
245 1 0 |a Introduction to Probability  |c Laurie J. Snell 
250 |a 1. ed. 
264 1 |a New York  |b Random House  |c 1988 
300 |a 478 s.  |e príl. tb. 
610 2 0 |a pravdepodobnosť 
610 2 0 |a teória pravdepodobnosti 
610 2 0 |a využitie počítačov 
610 2 0 |a simulácia 
610 2 0 |a kombinatorika 
610 2 0 |a reťazce Markovove 
610 2 0 |a matematika 
610 2 0 |a metódy matematické 
100 1 |a Snell, Laurie J.